000 00883nam a2200265Ia 4500
003 GCL
005 20240530101848.0
008 140319s9999 xx 000 0 ara d
040 _aGCL /
_cGCL
082 0 4 _a726.581
_bق/ب ك
100 1 _aبتلر، الفريد. ج .
245 1 0 _aالكنائس القبطية القديمة فى مصر /
_cبتلر، الفريد. ج .
260 _a[S.N] :
_bالهيئة المصرية العامة للكتاب ،
_c1993
300 _a315 ص
650 0 4 _aمصر
650 0 4 _aتاريخ
650 0 4 _aالفن المسيحى
650 0 4 _aالاثار المسيحية
650 0 4 _aملابس القساوسه
650 0 4 _aالكنائس
650 0 4 _aالفن القبطى
700 1 _aابراهيم سلامة ابراهيم
700 1 _aالانبا غريغوريوس (مراجع وتقدي
942 _2ddc
_cBK
999 _c28259
_d28259